000 00843nac a22002537a 4500
001 BR8305929
003 BR-BrBNA
005 20240105115906.0
008 230509b bl.|||m| |||| 00| 0 por d
040 _aBR-BrBNA
_bpor
_cBiblioteca Nacional de Agricultura
072 _aF01
090 _a1480 BR8305929
100 1 _aSeiffert, N.F.
100 1 _aThiago, L.R.L. de
110 1 _aCentro Nacional de Pesquisa de Gado de Corte, Campo Grande, MS (Brasil)
_91771
245 1 _aGuandu - planta forrageira para a producao de proteina
260 3 _aCampo Grande, MS (Brasil):
_c1983.
300 _a4 p.
490 _aComunicado Tecnico - Centro Nacional de Pesquisa de Gado de Corte (Brazil)
_vno. 21
_xISSN 0100-7807
650 _aGUANDU
650 _aPLANTIO
909 _a202312
_bLúcia Elande
_c55
_dLúcia Elande
942 _2AGRIS
_n0
_cMS
999 _c276934
_d276934